Les docteurs de l'Eglise - Statistiques

Statistiques générales
  • Ce quiz a été pris 40 fois
  • Le résultat moyen est 16 sur 37
Statistiques - réponses
Année de proclamation Rôle Dates Nom % Correct
1568 Dominicain 1225-1274 {Thomas} d'Aquin
91%
1295 Evêque 354-430 {Augustin} d'Hippone
88%
1830 Cistercien 1090-1153 {Bernard} de Clairvaux
85%
1946 Franciscain 1195-1231 {Antoine} de Padoue
82%
1970 Tertiaire dominicaine 1347-1380 {Catherine} de Sienne
82%
1970 Carmélite 1515-1582 {Thérèse} d'Avila
82%
1997 Carmélite 1873-1897 {Thérèse} de Lisieux
82%
1568 Patriarche 345-407 {Jean} Chrysostome
79%
1926 Carme 1542-1591 {Jean} de la Croix
79%
1877 Evêque 1567-1922 {François} de Sales
76%
1295 Evêque 339-394 {Ambroise} de Milan
62%
2022 Evêque - Martyr 120-202 {Irénée} de Lyon
53%
1890 Moine 675-749 {Jean} Damascène
53%
1295 Pape 540-604 {Grégoire} 1er
50%
2012 Bénédictine 1098-1179 {Hildegarde} de Bingen
41%
2012 Prêtre 1499-1569 {Jean} d'Avila
38%
1871 Evêque 1696-1787 {Alphonse} de Liguori
32%
1764 Pape 406-461 {Léon} 1er
32%
1568 Evêque 330-379 {Basile} de Césarée
29%
1899 Moine 672-735 {Bède} le Vénérable
26%
1882 Patriarche 380-444 {Cyrille} d'Alexandrie
26%
1568 Evêque 329-390 {Grégoire} de Nazianze
26%
1851 Evêque 315-367 {Hilaire} de Poitiers
26%
1828 Cardinal 1007-1072 {Pierre} Damien
26%
1720 Evêque 1033-1109 {Anselme} de Cantorbéry
24%
1925 Jésuite - Auteur d'un catéchisme 1521-1597 {Pierre} Canisius
24%
1931 Jésuite - Cardinal 1542-1621 {Robert} Bellarmin
24%
1568 Patriarche 296-373 {Athanase} d'Alexandrie
21%
1882 Patriarche ?-387 {Cyrille} de Jérusalem
18%
1722 Evêque 560-636 {Isidore} de Séville
18%
1920 Diacre 306-373 {Ephrem} le Syriaque
15%
1931 Dominicain 1193-1280 {Albert} le Grand
12%
1568 Franciscain - Cardinal 1221-1274 {Bonaventure} de Bagnoregio
12%
1295 Moine et traducteur de la Bible 347-420 [Jérôme} de Stridon
12%
1959 Capucin 1559-1619 {Laurent} de Brindes
12%
1729 Evêque 380-450 {Pierre} Chrysologue
12%
2015 Moine 951-1003 {Grégoire} de Narek
9%
Aucun quiz correspondant
Distribution des résultats
% des personnes avec chaque résultat
Percentile par nombre de réponses
Votre historique - résultats
Vous n’avez pas pris ce quiz